| 000 | 01001nam a22002657a 4500 | ||
|---|---|---|---|
| 001 | 3125 | ||
| 003 | FISKH | ||
| 005 | 20240207144643.0 | ||
| 008 | 240207b cb ||||| |||| 00| 0 eng d | ||
| 020 | _a9781407135359 | ||
| 040 |
_aFISKH _beng _cFISKH _dFISKH |
||
| 082 | _a823.92 | ||
| 100 | _aMongredien, Sue | ||
| 245 |
_aLittle owl needs a home : _bBase on a real-life animal rescue / _cBy Sue Mongredien ; Illustrated by Jon Davis |
||
| 260 |
_aLondon : _bScholastic, _c2013. |
||
| 300 |
_a124 pages : _bIllustrations ; _c20 cm |
||
| 500 | _a | ||
| 505 | _aQ | ||
| 520 | _aWhen Josh climbs over a wall to get his football back from the derelict building down his street, he doesn't expect to find a nest full of baby owls. An exciting, inspiring story based on a real-life animal rescue. | ||
| 521 | 8 |
_a670
_bLexile estimate |
|
| 521 | 8 |
_aQ
_bRaz-Plus |
|
| 650 |
_aAnimal Rescue _vFiction _xJuvenile Literature |
||
| 700 |
_aDavis, Jon _eIllustrator |
||
| 942 |
_2ddc _cBK _n0 |
||
| 999 |
_c3125 _d3125 |
||